000 00420nam a2200157Ia 4500
008 240729s9999 xx 000 0 und d
022 _a1751-7192
245 0 _aGreen Chemistry Letters and Reviews
260 _aUnited Kingdom
260 _bTaylor & Francis Group
650 _a Chemistry
650 _aScience
856 _uhttps://doaj.org/toc/76ed5e50f4f645eb8d1e98954055720b
942 _2ddc
942 _cDOAJEJ
999 _c69153
_d69153
945 _a1
_bMadushi Gamage
_c1
_dMadushi Gamage